banner-ar

اميرة البحيرة / (Record no. 56299)

MARC details
000 -الفاتح
حقل البيانات ثابتة الطول 00575nam a2200205Ia 4500
008 - عناصر البيانات ثابتة الطول - معلومات عامة
حقل البيانات ثابتة الطول 140319s9999 xx 000 0 ara d
040 ## - مصدر الفهرسة
وكالة الفهرسة الأصلية GCL /
وكالة النسخ GCL
082 04 - رقم تصنيف ديوى العشرى
رقم التصنيف ط
رقم المادة 813.02
-- ا س
100 1# - المدخل الرئيسى - إسم شخصى
الإسم الشخصى محمد قطب
245 10 - بيان العنوان
العنوان اميرة البحيرة /
بيان المسئوليه,etc محمد قطب
700 1# - المدخل الاضافى - اسم شخصى
الإسم الشخصى امل المغربى
300 ## - الوصف المادى
التعداد 11 ص
490 ## - بيان السلسلة
عنوان السلسلة سلسلة الزهور الجميلة
رقم المجلد/ التعيين التسلسلي 0
650 04 - المدخل الاضافى بالموضوع-مصطلح موضوعى
مصطلح موضوعي الاطفال
650 04 - المدخل الاضافى بالموضوع-مصطلح موضوعى
مصطلح موضوعي القصص
650 04 - المدخل الاضافى بالموضوع-مصطلح موضوعى
مصطلح موضوعي قصص الاطفال
942 ## - عناصر المدخل الإضافي( كوها)
مصدر التصنيف او مخطط الترفيف Dewey Decimal Classification
Koha [default] item type كتاب
260 ## - PUBLICATION, DISTRIBUTION, ETC. (IMPRINT)
-- [S.N] :
-- دار الفكر العربى
Holdings
حالة التراجع حالة الفقد حالة تلف ليس للاعارة المكان المؤقت الموقع الحالى تاريخ الاكتساب اجمالي اﻻعارات رقم الطلب الباركود تاريخ اخر مشاهدة تاريخ تفعيل السعر نوع وعاء كوها
        مكتبة القاهرة الكبرى مكتبة القاهرة الكبرى 03/26/2014   ط\813.02\ا س 135236 03/26/2014 03/26/2014 كتاب
        مكتبة القاهرة الكبرى مكتبة القاهرة الكبرى 03/26/2014   ط\813.02\ا س 135237 03/26/2014 03/26/2014 كتاب
        مكتبة القاهرة الكبرى مكتبة القاهرة الكبرى 03/26/2014   ط\813.02\ا س 135238 03/26/2014 03/26/2014 كتاب
        مكتبة القاهرة الكبرى مكتبة القاهرة الكبرى 03/26/2014   ط\813.02\ا س 135239 03/26/2014 03/26/2014 كتاب
        مكتبة القاهرة الكبرى مكتبة القاهرة الكبرى 03/26/2014   ط\813.02\ا س 135240 03/26/2014 03/26/2014 كتاب
        مكتبة القاهرة الكبرى مكتبة القاهرة الكبرى 03/26/2014   ط\813.02\ا س 135241 03/26/2014 03/26/2014 كتاب

Powered By

EGPV